| 000 | 00611nam a2200205Ia 4500 | ||
|---|---|---|---|
| 005 | 20230704155354.0 | ||
| 008 | 210716s2011 xx 000 0 und d | ||
| 020 | _a9788180545382 | ||
| 040 | _cAIMIT LIBRARY | ||
| 041 | _aeng | ||
| 082 |
_a511.2 _211 _bSAND |
||
| 100 |
_aSancheti, D C _9125487 |
||
| 245 |
_aBusiness mathematics / _cBy D C Sancheti and V K Kapoor |
||
| 250 | _a11th ed. | ||
| 260 |
_aNew Delhi _bSultan chand & sons _c2011 |
||
| 300 |
_axiii,856,151,46,43,71p. ; _bPB : _c21.5 cm |
||
| 650 |
_aMathematics _9125488 |
||
| 700 |
_aKapoor, V K. _9125489 |
||
| 942 |
_2ddc _cBK _e11th _k511.2 SAND |
||
| 999 |
_c192930 _d192930 |
||